01006nam a2200241 a 450000100100000000500170001000800410002704000250006804100390009308200170013210000290014924501710017826000250034930000210037450400740039565000330046965000340050270000420053670000390057804900090061795201210062699900170074700002292020240515122609.0101122s1961 sp r 001 0 spa d aDO-SdBNPbspacBNPHU17aspaheng2Código de idiomas MARC a338.9bB916d1 aBryce, Murray D.,94712210aDesarrollo industrial :bguía para acelerar el crecimiento económico /cMurray D. Bryce ; traducción de Juan Santa-Cruz Vergara ; prólogo de John P. Powelson. aMadrid :bCastilla,. a294 p. ;c23 cm. aIncluye referencias bibliográficas y notas al pie de las páginas. 4aDesarrollo industrial947123 0aPolítica económica9849311 aSanta-Cruz Vergara, Juan,etr.9471241 aPowelson, John P.,epról.947125 aBNGR 001052708MOaGRbGRcCTd2010-11-22iLF1l0o338.9 B916dp22920-10r2020-06-25w2020-06-25y2ZPréstamo interno c22417d22417